000
00257nam a2200109Ia 4500
008
201216s9999 xx 000 0 und d
100
_a
Randier, Jean
245
0
_a
Marine Navigation Instruments
260
_a
London
_b
John Murray
300
_a
219
942
_c
BK
999
_c
6245
_d
6245